|
|
|
|
| LEADER |
00000nam0a2200000 4500 |
| 001 |
90876 |
| 005 |
20231101213734.0 |
| 010 |
|
|
|a 5939724051
|
| 035 |
|
|
|a (RuTPU)RU\TPU\book\97445
|
| 035 |
|
|
|a RU\TPU\book\76786
|
| 090 |
|
|
|a 90876
|
| 100 |
|
|
|a 20060216d2005 m y0rusy50 ca
|
| 101 |
0 |
|
|a rus
|
| 102 |
|
|
|a RU
|
| 105 |
|
|
|a a j 011zy
|
| 200 |
1 |
|
|a Нефтегазовая гидромеханика
|e учебное пособие для вузов
|f К. С. Басниев, Н. М. Дмитриев, Г. Д. Розенберг
|g Российский государственный университет нефти и газа им. И. М. Губкина; под ред. С. С. Григоряна
|
| 205 |
|
|
|a 2-е изд., доп.
|
| 210 |
|
|
|a Москва
|a Ижевск
|c Институт компьютерных исследований
|d 2005
|
| 215 |
|
|
|a 543 с.
|c ил.
|
| 225 |
1 |
|
|a Современные нефтегазовые технологии
|
| 300 |
|
|
|a К 75-летию Российского Государственного университета нефти и газа им. И. М. Губкина.
|
| 320 |
|
|
|a Литература: с. 538-543.
|
| 451 |
|
1 |
|0 (RuTPU)RU\TPU\book\76786
|y 5-93972-258-X
|t Нефтегазовая гидромеханика
|o учебное пособие
|f К. С. Басниев, Н. М. Дмитриев, Г. Д. Розенберг
|c М.
|c Ижевск
|n Институт компьютерных исследований
|d 2003
|p 480 с.
|s Современные нефтегазовые технологии
|a Басниев, Каплан Сафербиевич
|
| 606 |
1 |
|
|a Нефтяные пласты
|x Гидромеханика
|2 stltpush
|3 (RuTPU)RU\TPU\subj\45980
|9 65169
|
| 610 |
1 |
|
|a нефтегазовая гидромеханика
|
| 610 |
1 |
|
|a сплошные среды
|
| 610 |
1 |
|
|a гидростатика
|
| 610 |
1 |
|
|a идеальная жидкость
|
| 610 |
1 |
|
|a жидкости
|
| 610 |
1 |
|
|a турбулентное течение
|
| 610 |
1 |
|
|a трубопроводы
|
| 610 |
1 |
|
|a гидравлический расчет
|
| 610 |
1 |
|
|a ламинарный пограничный слой
|
| 610 |
1 |
|
|a газ
|
| 610 |
1 |
|
|a подземная гидромеханика
|
| 610 |
1 |
|
|a фильтрация
|
| 610 |
1 |
|
|a математические модели
|
| 610 |
1 |
|
|a закон Дарси
|
| 610 |
1 |
|
|a многофазные среды
|
| 610 |
1 |
|
|a газовая динамика
|
| 610 |
1 |
|
|a законы сохранения
|
| 610 |
1 |
|
|a интегральные уравнения
|
| 610 |
1 |
|
|a дифференциальные уравнения
|
| 610 |
1 |
|
|a размерность
|
| 610 |
1 |
|
|a скорость
|
| 610 |
1 |
|
|a деформация
|
| 610 |
1 |
|
|a учебные пособия
|
| 610 |
1 |
|
|a механика
|
| 675 |
|
|
|a 622.276:532(075.8)
|v 3
|
| 700 |
|
1 |
|a Басниев
|b К. С.
|g Каплан Сафербиевич
|
| 701 |
|
1 |
|a Дмитриев
|b Н. М.
|g Николай Михайлович
|
| 701 |
|
1 |
|a Розенберг
|b Г. Д.
|g Генрих Давидович
|
| 702 |
|
1 |
|a Григорян
|b С. С.
|4 340
|
| 712 |
0 |
2 |
|a Российский государственный университет нефти и газа им. И. М. Губкина
|2 stltpush
|3 (RuTPU)RU\TPU\col\408
|
| 801 |
|
1 |
|a RU
|b 63413507
|c 20041229
|g PSBO
|
| 801 |
|
2 |
|a RU
|b 63413507
|c 20151106
|g PSBO
|
| 900 |
|
|
|a Нефтегазовая гидрогеология
|
| 900 |
|
|
|a Гидромеханика
|
| 942 |
|
|
|c BK
|
| 952 |
|
|
|b 130500
|
| 959 |
|
|
|a 120/20051228
|d 1
|e 464
|f НФ:1
|
| 959 |
|
|
|a 39/20060524
|d 3
|e 482,00
|f УФ:3
|
| 959 |
|
|
|a 56/20090428
|d 5
|e 486,00
|f УФ:5
|